[Event "88th UKR-ch 2019"]
[Site "Lutsk"]
[Date "2019.12.16"]
[Round "6"]
[White "Kuzubov, Yuriy"]
[Black "Moiseenko, Alexander"]
[Result "1/2-1/2"]
[WhiteElo "2667"]
[BlackElo "2623"]
[Annotator "TA"]
[PlyCount "207"]
[EventDate "2019.??.??"]
[EventCountry "UKR"]
[SourceTitle "playchess.com"]
[Source "ChessBase"]
[SourceQuality "1"]

{[%evp 16,207,5,0,0,-11,-8,-19,-10,-41,-26,-31,-12,-12,-16,-16,-20,-30,-18,-72,-72,-44,-49,-72,-59,-120,-104,-377,-377,-352,-325,-570,-569,-1004,-998,-971,-969,-784,-296,-253,-124,-158,-137,-160,-139,-134,-118,-124,-75,-166,0,-445,-150,-423,-433,-374,-388,-617,-611,-618,-611,-601,-587,-1562,0,-560,0,-1248,-722,-722,-719,-714,-704,-694,-679,-29977,-29978,-29979,-29980,-29979,-29965,-29966,-29967,-29967,-29968,-29968,-29968,-29968,-29969,-29969,-29970,-29969,-29969,-29966,-29967,-10162,-6331,-1757,-472,-483,-488,-481,-458,-473,-458,-454,-447,-451,-450,-416,-416,-408,-406,-392,-400,-1234,-993,-911,-497,-1194,-1064,-1374,-206,-213,-228,-231,-143,-191,-184,-181,0,-205,-205,-206,-206,0,0,-206,-206,-206,-206,-214,-214,-206,-8,-8,0,-8,0,0,0,0,0,0,0,0,0,0,0,0,0,0,0,0,0,0,0,0,0,0,0,0,0,0,0,0,0,0,0,0,0,0,0,0,0,0,0,0,0,0,0,0,0,0]} 1. c4 c5 2. Nf3 Nc6 3. Nc3 e5 4. d3 g6 5. Bg5 f6 6. Bd2 d6 7. g3 Bg7 8. Bg2 Nge7 9. O-O O-O {A37: Symmetrical English vs ...g6: 4 Bg2 Bg7 5 Nf3} 10. Ne1 Be6 11. Nd5 Qd7 12. Nxe7+ $146 (12. Nc2 {keeps more tension.} Rab8 13. b4 b5 14. Nxe7+ Nxe7 15. bxc5 dxc5 16. cxb5 Rxb5 17. Na3) ({Predecessor:} 12. Rb1 Bh3 13. Nxe7+ Nxe7 14. Bxh3 Qxh3 15. b4 b6 16. e3 f5 17. f4 exf4 18. gxf4 cxb4 19. Rxb4 Rad8 20. Ra4 {0-1 (63) Herraiz Hidalgo,H (2474)-Moiseenko,A (2653) Mallorca 2004}) 12... Nxe7 13. b4 Bh3 14. bxc5 Bxg2 15. Nxg2 dxc5 16. Rb1 f5 17. Qb3 (17. a4 $11 {remains equal.}) 17... b6 $17 18. a4 Nc6 19. Bc3 f4 20. f3 ({Better is} 20. a5 $15) 20... Qh3 21. a5 $2 {[%mdl 8192]} (21. Qb5 $17 fxg3 22. hxg3) 21... fxg3 $19 22. hxg3 Qxg3 ({Not} 22... Nxa5 23. Bxa5 bxa5 24. Kf2 $17) 23. Qa4 $2 (23. Qd1 e4 24. Bxg7 exf3 25. Rxf3 Rxf3 26. exf3 Kxg7 27. Qe1 Qxe1+ 28. Rxe1) 23... Bh6 24. Be1 Be3+ $1 25. Bf2 Nd4 26. Rb2 Nf5 $2 (26... Bxf2+ 27. Rxf2 Rf5 $1 {[%mdl 512]}) 27. Qc6 Rae8 $40 {[%mdl 128] Black attacks with force.} (27... bxa5 $19 {has better winning chances.} 28. Rb7 Rae8) 28. Qe4 $17 Bxf2+ $1 29. Rxf2 Qg5 30. e3 bxa5 31. Rb7 Qh6 32. Rfb2 (32. Ra2 $17) 32... Ng3 $2 (32... Nd6 $1 $19 {[%cal Rd6e4]} 33. Qd5+ {[%mdl 64] Double Attack} Nf7 34. Rxa7 Rd8) 33. Qg4 $2 {[%mdl 8192]} (33. Qd5+ $1 $11 {and White stays safe.} Kh8 34. Rf7) 33... Qh1+ $19 34. Kf2 e4 $1 35. f4 Nf5 36. dxe4 (36. Rd2 $142 Rd8 37. Rd1) 36... Nd6 $1 37. Rb1 Nxe4+ 38. Kf3 Nd2+ 39. Kg3 {[#]} Ne4+ (39... Rxe3+ $142 $1 {[%mdl 512]} 40. Kf2 (40. Nxe3 Ne4#) 40... Nxb1 41. Rxb1 Qxb1 42. Nxe3 Qe4) 40. Kf3 Nd2+ (40... Qh2 $142 41. Qh4 Nd2+ 42. Kf2 Qxh4+ 43. Nxh4 Nxb1 44. Rxb1 Re4) 41. Kg3 $1 Nxb1 42. Qd7 Qh6 43. Qd5+ Kh8 44. Qxc5 {[#]} g5 $1 45. Rxb1 (45. Qxg5 Rg8) 45... gxf4+ 46. Nxf4 {[#]} Rxf4 $1 47. exf4 {[%mdl 4096] Endgame KQR-KQR} Qg6+ {[%mdl 64] Double Attack} 48. Kh4 Qxb1 49. Qd4+ Kg8 50. Qd5+ Kg7 51. Qd7+ Kf8 52. Qd6+ Re7 $1 53. Qd8+ Kf7 $1 54. Qd5+ Re6 55. Qd7+ Kf6 $1 56. Qd8+ Kf5 (56... Re7 $142 57. Qd6+ Kf7 58. Qd5+ Kg7 59. Qd4+ Kf7 60. Qd5+) 57. Qd5+ Kxf4 (57... Kf6 58. Qd8+ Kf7 59. Qd7+ Re7 60. Qd5+ Ke8 61. Qa8+ Kd7 62. Qd5+ Kc8 63. Qc6+ Kb8 64. Qd6+ Rc7 65. Qd8+ Kb7 66. Qd5+ Ka6 67. c5) 58. Qg5+ Ke4 59. Qd5+ Ke3 60. Qg5+ Kd4 ({Don't take} 60... Kf2 61. Qg3+ Ke2 62. Qg2+ Ke3 63. Qg5+ Kd4 64. Qd5+ Ke3 65. Qg5+ $19) 61. Qd5+ {[#]} Kc3 $1 ({Don't do} 61... Ke3 62. Qg5+ Kd4 63. Qd5+ Ke3 $19) 62. Qxe6 {KQ-KQ} Qh1+ 63. Kg5 Qg1+ 64. Kh4 Qd4+ 65. Kh3 (65. Kg5 $142) 65... Qxc4 66. Qe1+ Kb2 67. Qf2+ (67. Qd2+ $142 Qc2 68. Qf4) 67... Kb3 68. Qxa7 Qd3+ $2 (68... a4 {White must now prevent ...a3.} 69. Qb6+ Kc2) 69. Kh4 Qe4+ 70. Kh5 a4 71. Qf7+ Kc3 72. Qc7+ Kb3 $2 ({Black should try} 72... Kd3 $19 {...Qh1+ is the strong threat.} 73. Qg3+ Ke2 74. Qh2+ Ke3 75. Qg1+ Kd2) 73. Qg3+ $2 (73. Qf7+ $1 $11 Kb4 74. Qf4) 73... Kc4 74. Qc7+ Kb5 {And now ...Qd5+ would win.} 75. Qb8+ Kc4 76. Qc7+ {[#]} Kd3 $1 {Hoping for ...Qg6+.} 77. Qd6+ Ke3 78. Qa3+ Kf2 79. Qc5+ Qe3 $2 (79... Ke2 $19 80. Qb5+ Ke1) 80. Qf5+ $1 $11 {The position is equal.} Qf3+ {[%mdl 64] Double Attack} 81. Kh4 a3 (81... h6 $5 82. Qc5+ $8 Qe3 83. Qf5+ Kg1 84. Qg4+ Kf2 85. Qf5+ Kg2 86. Qg4+ Kh2 87. Qe2+ Qxe2 $11) 82. Qc2+ $1 Kg1 83. Qc1+ $1 Kg2 84. Qg5+ Kf2 (84... Kf1 $5 85. Qc1+ $8 Ke2 86. Qc2+ Ke3 87. Qc3+ Kf2 88. Qd2+ Kg1 89. Qc1+ Kf2 90. Qd2+ Qe2 91. Qf4+ Qf3 92. Qd2+ $11) 85. Qd2+ Kg1 (85... Qe2 $5 86. Qf4+ $8 Qf3 87. Qd2+ Qe2 88. Qf4+ Qf3 89. Qd2+ $11) 86. Qc1+ Kf2 (86... Kg2 $5 87. Qg5+ $8 Kf2 88. Qd2+ Kf1 89. Qc1+ Kf2 90. Qd2+ $11) 87. Qd2+ Kg1 (87... Qe2 $5 88. Qf4+ $8 Kg2 89. Qg3+ Kf1 90. Qxa3 Qe4+ 91. Kg5 Qe5+ 92. Kh6 Qh2+ 93. Kg5 h6+ 94. Kg6 h5 $11) 88. Qc1+ Kg2 89. Qg5+ Kf2 (89... Kh1 $5 90. Qc1+ $8 Kh2 91. Qd2+ Kh1 92. Qc1+ Kh2 93. Qd2+ Kh1 94. Qc1+ $11) 90. Qd2+ Kf1 (90... Qe2 $5 91. Qf4+ $8 Qf3 92. Qd2+ $11) 91. Qc1+ Ke2 92. Qc2+ Ke3 93. Qc3+ $1 Kf2 (93... Ke2 $5 94. Qc2+ $8 Ke1 95. Qc1+ Ke2 96. Qc2+ $11) 94. Qd2+ Qe2 (94... Kf1 $5 95. Qc1+ $8 Ke2 96. Qc2+ Ke3 97. Qc3+ Kf2 98. Qd2+ $11) 95. Qf4+ Qf3 96. Qd2+ Kg1 (96... Qe2 $5 97. Qf4+ $8 Qf3 98. Qd2+ $11) 97. Qc1+ Kg2 98. Qg5+ Kh2 {[%csl Gh2][%cal Rf3h3]} (98... Kf1 $5 99. Qc1+ $8 Kg2 $11) 99. Qd2+ $1 Kh1 {Strongly threatening ...h5.} 100. Qc1+ $1 Kh2 (100... Kg2 $5 101. Qg5+ $8 $11) 101. Qd2+ $1 Qg2 (101... Kh1 $5 102. Qc1+ $8 Kh2 103. Qd2+ $11) 102. Qd6+ Kg1 {( -> ...Qh2+)} 103. Qxa3 Qe4+ 104. Kh3 {Accuracy: White = 54%, Black = 53%.} 1/2-1/2

[Event "88th UKR-ch 2019"]
[Site "Lutsk"]
[Date "2019.12.16"]
[Round "6"]
[White "Volokitin, Andrei"]
[Black "Kryvoruchko, Yuriy"]
[Result "1/2-1/2"]
[WhiteElo "2641"]
[BlackElo "2675"]
[Annotator "TA"]
[PlyCount "151"]
[EventDate "2019.??.??"]
[EventCountry "UKR"]
[SourceTitle "playchess.com"]
[Source "ChessBase"]
[SourceQuality "1"]

{[%evp 21,150,14,12,0,3,5,0,0,0,0,8,3,13,3,0,15,7,0,8,0,0,0,0,-5,0,0,0,0,0,0,0,0,0,0,0,-6,-3,0,0,0,0,0,0,0,-12,-17,0,-7,0,-21,-18,-20,0,0,-11,-21,0,0,0,0,0,0,0,0,0,0,0,0,0,0,0,0,0,0,0,0,143,127,133,0,0,0,0,0,0,0,0,0,0,0,0,0,0,0,0,0,0,0,0,0,0,0,0,0,0,0,0,0,0,0,0,0,0,0,0,0,0,0,0,0,0,0,0,0,0,0,0,0,0,0,0]} 1. e4 e5 2. Nf3 Nc6 3. Bc4 Bc5 4. c3 Nf6 5. d3 d6 6. O-O a6 7. Re1 O-O 8. h3 Ba7 9. Bb3 h6 10. Nbd2 Re8 ({Predecessor:} 10... Be6 11. Nf1 {½-½ (34) Santamaria Perez,T (2364)-Zhaparov,R (2337) ICCF email 2014}) 11. Nf1 Be6 12. Bc2 {C54: Giuoco Piano: 4 c3 Nf6, main lines with 5 d4 and 5 d3} d5 13. exd5 $146 (13. Qe2 b5 14. Rd1 Qe7 15. Ng3 Rad8 16. exd5 Nxd5 17. Qe4 Nf6 18. Qxc6 Bb6 19. d4 e4 {1-0 (89) So,W (2763)-Harikrishna,P (2734) Riga 2019}) 13... Nxd5 14. Ng3 Qd6 15. Nh4 Qe7 16. Qh5 Rad8 {[#] With the idea ...Nf4.} 17. d4 $1 {[%mdl 512]} Nf4 $1 {[%cal Rf4h5]} (17... exd4 18. Bxh6) 18. Bxf4 $1 exf4 19. Nf1 Rd5 $132 {[%mdl 2048] Black is not holding back} 20. Qxd5 Bxd5 21. Rxe7 Nxe7 22. Nd2 Nc8 23. Bb3 Bxb3 24. axb3 c5 {And now ...Re2 would win.} 25. d5 Nb6 26. c4 Bb8 27. Nhf3 Nd7 28. Kf1 g5 29. Ne1 f5 30. Nd3 Bd6 31. Rc1 Ne5 32. Nxe5 Bxe5 $11 {[%mdl 4096] Endgame KRB-KRN} 33. Rc2 Kf7 34. Nf3 Bd6 35. Ne1 Re4 36. Re2 Ke7 37. Nd3 Kd7 38. Ke1 b6 39. f3 Re3 40. Kd2 $1 Rxe2+ 41. Kxe2 {KB-KN} Ke7 42. Kd2 b5 43. b4 bxc4 44. Nxc5 Be5 45. Nxa6 Kd6 46. Kc2 Kxd5 47. b3 Bd6 48. b5 cxb3+ (48... h5 $11 {remains equal.}) 49. Kxb3 $16 h5 {[#]} 50. Ka4 (50. b6 $1 $16) 50... g4 $11 {The position is equal.} 51. Ka5 {Threatening Kb6.} Kd4 $1 52. Kb6 Ke3 $1 {[%cal Re3f2]} 53. Kc6 Kf2 $1 {[%cal Rf2g2]} 54. Kxd6 Kxg2 55. hxg4 fxg4 {KN-K3P} 56. Nc5 gxf3 {aiming for ...f2.} 57. Nd3 {Strongly threatening b6.} f2 {[#]} 58. Nxf2 $1 {[%mdl 576] Promotion} Kxf2 {KPP-KP} 59. b6 {Threatens to win with b7.} f3 {...Kg1 is the strong threat.} 60. b7 Kg2 61. b8=Q {Qb7! would kill now.} f2 62. Qb7+ Kg1 63. Qg7+ Kh2 64. Qe5+ Kg2 65. Qg5+ Kh2 66. Qf4+ Kg2 67. Qe4+ Kg1 68. Qe3 ({Less strong is} 68. Qg6+ Kh2 $18) 68... Kg2 $1 69. Qe2 Kg1 70. Qe3 {Intending Qg3+ and mate.} Kg2 $1 71. Qg5+ Kh2 72. Qxh5+ Kg2 73. Qg4+ Kh2 74. Qf3 Kg1 75. Qg3+ Kh1 $1 76. Qxf2 {Accuracy: White = 84%, Black = 78%.} 1/2-1/2

[Event "88th UKR-ch 2019"]
[Site "Lutsk"]
[Date "2019.12.16"]
[Round "6"]
[White "Shtembuliak, Evgeny"]
[Black "Bernadskiy, Vitaliy"]
[Result "1/2-1/2"]
[WhiteElo "2600"]
[BlackElo "2593"]
[Annotator "TA"]
[PlyCount "116"]
[EventDate "2019.??.??"]
[EventCountry "UKR"]
[SourceTitle "playchess.com"]
[Source "ChessBase"]
[SourceQuality "1"]

{[%evp 11,116,41,40,39,48,16,9,7,7,24,20,7,95,22,49,42,36,33,43,39,43,35,50,25,47,33,83,62,105,111,103,52,39,22,20,8,17,-48,-46,-37,-36,-53,-51,-68,0,-197,-58,-212,-40,-94,-94,-94,-99,-105,-48,-52,0,-50,-29,-68,-29,-29,-29,-29,-29,-29,-29,-37,-37,-37,-37,-37,-44,-47,-47,-47,-21,-47,-20,-48,-27,-28,-16,-26,-10,-5,0,0,0,0,0,0,0,0,0,0,0,0,0,0,0,0,0,0,0,0,2]} 1. d4 d5 2. c4 e6 3. Nc3 c6 4. e3 Nd7 5. Nf3 f5 6. Bd3 Nh6 7. h3 {A84: Dutch Defence: 2 c4 Miscellaneous} (7. b3 Bd6 8. Bb2 Qe7 9. Ne2 a6 10. Qc2 Nf7 11. h3 b5 12. c5 Bc7 13. b4 e5 14. dxe5 Ndxe5 {½-½ (68) Melkumyan,H (2660)-Piorun,K (2612) Batumi 2018}) 7... Bd6 8. g4 O-O 9. cxd5 exd5 $146 ({Predecessor:} 9... cxd5 10. g5 Nf7 11. h4 Bb4 12. Bd2 Nd6 13. Ne2 Bxd2+ 14. Qxd2 {1-0 (38) Sidorov,A (2416)-Alekseev,A (2274) Togliatti 2007}) 10. g5 $1 {[%cal Rg5h6]} Nf7 11. h4 g6 (11... Bc7 $11 {remains equal.}) 12. Kf1 (12. Bd2 $16) 12... Re8 13. Ne2 Nf8 14. Nf4 a5 15. Bd2 b6 16. Rc1 Bd7 17. a3 Qe7 18. Bb1 Ne6 19. h5 $1 {[%cal Rh5g6]} Bxf4 20. exf4 c5 21. dxc5 (21. Be3 $16) 21... bxc5 $14 22. hxg6 hxg6 23. Nh4 Nf8 $1 24. b4 (24. b3 $11) 24... axb4 25. axb4 cxb4 26. Be3 Qd6 $36 {[%mdl 2048] Black has some pressure.} 27. Nf3 {[#]} Ne6 (27... b3 $1 $15 {[%mdl 512]} 28. Qxb3 Ra3) 28. Rh4 $2 {[#]} (28. Bxf5 $1 $11 {and White stays safe.} Bb5+ 29. Bd3 Bxd3+ 30. Qxd3 Nxf4 31. Bxf4 Qxf4 {[%mdl 64] Double Attack} 32. Qxg6+ Kf8 33. Qf6 Qxf6 34. gxf6) 28... Bb5+ (28... d4 $1 $19 {[%mdl 512]} 29. Nxd4 (29. Bxd4 Bb5+) 29... Red8 30. Nxf5 Bb5+ 31. Ke1 gxf5 32. Qxd6 Nxd6) 29. Bd3 $2 {[#]} ({White has to play} 29. Kg2 $1 $15) 29... Bc4 $1 {[%mdl 512] [#]} 30. Kg2 ({Better is} 30. Ne5 $1 $15 {[%mdl 512]}) (30. Bxc4 dxc4) 30... Bxd3 $17 31. Qxd3 {[#]} d4 $1 {[%cal Rd4e3][%mdl 512]} 32. Bd2 {[#]} (32. Bxd4 Nxf4+) 32... Qd5 (32... Reb8 $1 $17 33. Rb1 Ra3) 33. Bxb4 $15 Rab8 (33... Reb8 $15 34. Qc4 Qxc4 35. Rxc4 Ra4) 34. Rc4 (34. Qc4 $5 {[%cal Rc4d5]} Qb7 35. Rb1 $17) 34... Rb7 35. Bd2 Reb8 {And now ...Rb3 would win.} (35... Nd6 {seems wilder.} 36. Rb4 Reb8 37. Rxb7 Rxb7 38. Qa6 Rb3) 36. Rxd4 Nxd4 37. Qxd4 Qxd4 38. Nxd4 Rd8 39. Nf3 Rd3 40. Be3 Rb2 {Threatens to win with ...Rxe3.} 41. Bd4 Rbb3 42. Be3 Rd1 43. Rh2 Rbd3 44. Bc5 Rd7 45. Rh3 R1d5 46. Be3 Nh8 47. Ne5 Rh7 48. Rg3 {The position is equal.} Rd1 49. Bc5 Rhh1 50. Be7 Rhg1+ 51. Kh2 Rh1+ 52. Kg2 Nf7 {aiming for ...Nxe5.} 53. Nxg6 Kg7 {Strongly threatening ...Rhg1+.} 54. Ne5 Nxe5 {[%csl Gh1][%cal Rd1g1]} 55. Bf6+ Kg6 {[%csl Gh1][%cal Rd1g1]} 56. Bxe5 Rb1 57. Re3 Rbg1+ 58. Kf3 Rh3+ {Accuracy: White = 53%, Black = 39%.} 1/2-1/2

[Event "88th UKR-ch 2019"]
[Site "Lutsk"]
[Date "2019.12.16"]
[Round "6"]
[White "Kovchan, Alexander"]
[Black "Vysochin, Spartak"]
[Result "1/2-1/2"]
[WhiteElo "2572"]
[BlackElo "2512"]
[Annotator "ChessBase"]
[PlyCount "128"]
[EventDate "2019.??.??"]
[EventCountry "UKR"]
[SourceTitle "playchess.com"]
[Source "ChessBase"]
[SourceQuality "1"]
[TimeControl "40/5400+30:1800+30"]

1. c4 e5 2. g3 c6 3. Nf3 e4 4. Nd4 d5 5. d3 Nf6 6. Bg2 Bb4+ 7. Bd2 Qb6 8. Bxb4 Qxb4+ 9. Qd2 Qxd2+ 10. Nxd2 exd3 11. exd3 O-O 12. O-O Rd8 13. c5 a5 14. Rfc1 a4 15. f4 Ra5 16. N4f3 Na6 17. d4 a3 18. bxa3 Rxa3 19. Nb1 Ra5 20. Nbd2 Ra4 21. a3 Ne4 22. Nb3 Bf5 23. Nh4 Be6 24. f5 Bd7 25. Bxe4 dxe4 26. Re1 Re8 27. Re3 Nc7 28. Rae1 Rxa3 29. Nd2 Rxe3 30. Rxe3 Nb5 31. Rxe4 Rxe4 32. Nxe4 Nxd4 33. Nd6 Kf8 34. Kf2 Ke7 35. Ke3 Nc2+ 36. Kd2 Nb4 37. Nxb7 Kf6 38. Nd6 Na6 39. Ne4+ Ke5 40. f6 gxf6 41. Ke3 Bg4 42. Nf2 Be6 43. Nf3+ Kd5 44. Ne4 f5 45. Nf6+ Kxc5 46. Nxh7 Nb4 47. Nhg5 Nd5+ 48. Kd3 Kd6 49. Nh3 Nf6 50. Nf4 c5 51. h4 Ne4 52. Ne2 Ke7 53. Nd2 Nd6 54. Nf4 Kf6 55. Ke3 c4 56. Ne2 Nb5 57. Nb1 Ke5 58. Nbc3 Nxc3 59. Nxc3 f4+ 60. gxf4+ Kf5 61. h5 Kf6 62. Ne4+ Kg7 63. Ng3 Kh6 64. Kd4 f6 1/2-1/2

[Event "88th UKR-ch 2019"]
[Site "Lutsk"]
[Date "2019.12.17"]
[Round "7"]
[White "Kryvoruchko, Yuriy"]
[Black "Golubka, Petro"]
[Result "1-0"]
[WhiteElo "2675"]
[BlackElo "2479"]
[Annotator "TA"]
[PlyCount "79"]
[EventDate "2019.??.??"]
[EventCountry "UKR"]
[SourceTitle "playchess.com"]
[Source "ChessBase"]
[SourceQuality "1"]

{[%evp 22,79,22,15,57,56,53,53,61,31,46,35,84,30,37,10,12,15,32,48,33,27,31,27,67,22,23,29,114,62,159,154,159,158,162,164,167,153,186,167,341,278,359,357,365,364,354,351,371,376,448,450,671,670,29966,29967,29965,29966,1343,537]} 1. e4 e5 2. Nf3 Nc6 3. Bb5 a6 4. Ba4 Nf6 5. O-O b5 6. Bb3 Be7 7. a4 Bb7 8. d3 O-O 9. Re1 d6 10. Nbd2 {[%cal Bb1d2,Bd2f1,Bf1e3,Be3d5][%mdl 32]} Na5 11. Ba2 c5 12. Nf1 c4 {C88: Closed Ruy Lopez: Anti-Marshall Systems} (12... b4 13. Bd2 Bc8 14. Ne3 Be6 15. Bxe6 fxe6 16. c3 bxc3 17. bxc3 Rb8 18. Qc2 Qd7 19. Rab1 h6 20. Qa2 {1-0 (64) Anand,V (2773)-Praggnanandhaa,R (2530) Kolkata 2018}) 13. Bd2 Qc7 $146 ({Predecessor:} 13... Bc6 14. Ng3 cxd3 15. cxd3 bxa4 16. Bc3 Qb6 17. Nf5 Rfe8 18. Bxa5 Qxa5 19. Qc1 Bd7 20. Qg5 Bxf5 21. Qxf5 {0-1 (43) Aveskulov,V (2539)-Krnan,T (2432) Ottawa 2007}) 14. Ne3 Rfe8 {White is slightly better.} 15. b4 cxb3 16. cxb3 h6 17. Rc1 ({White should play} 17. Nh4 $16) 17... Nc6 $11 18. Nd5 Qd8 $1 19. b4 Rc8 20. axb5 axb5 21. Qb3 Rf8 22. Ne3 Rc7 23. Rc2 Qd7 24. Nf5 Kh7 (24... Bd8 $11) 25. d4 ({Better is} 25. Bb1 $16) 25... Nxd4 (25... Nxe4 $1 $14 26. Rxe4 Qxf5) 26. N3xd4 $16 exd4 27. Rxc7 (27. Nxd4 $6 Bxe4 28. Rxc7 Qxc7 $11) 27... Qxc7 28. Bb1 $40 {[%mdl 128] aiming for Qh3. White attacks with force.} ({Don't do} 28. Nxd4 $6 Bxe4 29. Nxb5 Qb6 $11) 28... g6 29. Nxh6 {Threatens to win with e5.} ({But not} 29. Nxd4 $6 Ng4 $16) 29... Bd8 30. Qh3 {And now Rc1 would win.} Bc8 $2 (30... Kg7 {keeps fighting.}) 31. Nf5+ {[%mdl 64] [#] Discovered Attack} Kg8 32. Rc1 Bxf5 33. exf5 Qd7 34. Qf3 ({Weaker is} 34. fxg6 Qxh3 35. gxh3 Kg7 $18) 34... d5 {Black hopes to continue with ...Ne4.} 35. fxg6 fxg6 36. Bh6 Re8 (36... Qg4 $142 37. Qxg4 Nxg4) 37. Bxg6 $18 Re7 38. Qxf6 {[%csl Gh6][%cal Rf6f8]} Re1+ 39. Rxe1 {[%csl Gh6][%cal Rf6f8]} Bxf6 40. Re8+ {Accuracy: White = 64%, Black = 33%.} 1-0

[Event "88th UKR-ch 2019"]
[Site "Lutsk"]
[Date "2019.12.17"]
[Round "7"]
[White "Eljanov, Pavel"]
[Black "Shtembuliak, Evgeny"]
[Result "0-1"]
[WhiteElo "2663"]
[BlackElo "2600"]
[Annotator "RC"]
[PlyCount "70"]
[EventDate "2019.??.??"]
[EventCountry "UKR"]
[SourceTitle "playchess.com"]
[Source "ChessBase"]
[SourceQuality "1"]
[TimeControl "40/5400+30:1800+30"]

1. d4 d5 2. c4 e6 3. Nf3 Nf6 4. g3 Bb4+ 5. Bd2 Be7 6. Bg2 O-O 7. O-O Nbd7 8. Qc2 Ne4 9. Bf4 c6 10. h4 h6 11. Nc3 g5 12. Be3 Nd6 13. b3 f5 14. Bc1 gxh4 15. Nxh4 Bxh4 16. gxh4 Kh7 17. f3 Qxh4 18. Ba3 Qxd4+ 19. Rf2 c5 20. cxd5 e5 21. e4 Qe3 22. Raf1 Qf4 23. Bc1 Qh4 24. f4 Rg8 25. fxe5 Nxe5 26. Bf4 Qf6 27. Bxe5 Qxe5 28. exf5 Rg5 29. f6+ Bf5 30. Qe2 Qxf6 31. Ne4 Nxe4 32. Rxf5 Qd4+ 33. Kh2 Ng3 34. Rf7+ Kh8 35. Rf8+ Rg8 0-1

[Event "88th UKR-ch 2019"]
[Site "Lutsk"]
[Date "2019.12.17"]
[Round "7"]
[White "Moiseenko, Alexander"]
[Black "Volokitin, Andrei"]
[Result "1/2-1/2"]
[WhiteElo "2623"]
[BlackElo "2641"]
[Annotator "ChessBase"]
[PlyCount "23"]
[EventDate "2019.??.??"]
[EventCountry "UKR"]
[SourceTitle "playchess.com"]
[Source "ChessBase"]
[SourceQuality "1"]
[TimeControl "40/5400+30:1800+30"]

1. d4 Nf6 2. c4 g6 3. Nf3 Bg7 4. g3 c6 5. Bg2 d5 6. cxd5 cxd5 7. O-O O-O 8. Ne5 Ng4 9. Nf3 Nf6 10. Ne5 Ng4 11. Nf3 Nf6 12. Ne5 1/2-1/2

[Event "88th UKR-ch 2019"]
[Site "Lutsk"]
[Date "2019.12.17"]
[Round "7"]
[White "Bernadskiy, Vitaliy"]
[Black "Kovchan, Alexander"]
[Result "1/2-1/2"]
[WhiteElo "2593"]
[BlackElo "2572"]
[Annotator "ChessBase"]
[PlyCount "83"]
[EventDate "2019.??.??"]
[EventCountry "UKR"]
[SourceTitle "playchess.com"]
[Source "ChessBase"]
[SourceQuality "1"]
[TimeControl "40/5400+30:1800+30"]

1. e4 c5 2. Nc3 a6 3. Nge2 d6 4. g3 g6 5. Bg2 Bg7 6. d3 Nc6 7. Be3 Nf6 8. h3 Rb8 9. Qd2 O-O 10. O-O b5 11. Bh6 e5 12. Bxg7 Kxg7 13. f4 b4 14. Nd1 Nd4 15. Nxd4 cxd4 16. a3 a5 17. axb4 axb4 18. b3 Qb6 19. Nb2 Ba6 20. g4 Qc6 21. Qf2 Bb5 22. Ra7 Nd7 23. f5 f6 24. h4 Rbc8 25. Nc4 Bxc4 26. bxc4 Ra8 27. Rxa8 Qxa8 28. g5 Qd8 29. Qg3 Nc5 30. Bh3 b3 31. cxb3 Nxb3 32. Kh2 Nc5 33. Rf2 Qe7 34. Rg2 Rh8 35. Kg1 Qd8 36. Qf3 Rf8 37. fxg6 hxg6 38. Bf5 Qa5 39. gxf6+ Rxf6 40. Qh5 Qe1+ 41. Kh2 Qf2 42. Qxg6+ 1/2-1/2

[Event "88th UKR-ch 2019"]
[Site "Lutsk"]
[Date "2019.12.17"]
[Round "7"]
[White "Vysochin, Spartak"]
[Black "Kuzubov, Yuriy"]
[Result "1/2-1/2"]
[WhiteElo "2512"]
[BlackElo "2667"]
[Annotator "TA"]
[PlyCount "51"]
[EventDate "2019.??.??"]
[EventCountry "UKR"]
[SourceTitle "playchess.com"]
[Source "ChessBase"]
[SourceQuality "1"]

{[%evp 15,51,-8,0,0,0,0,0,-9,18,25,23,29,32,11,10,8,6,11,10,8,11,0,17,18,17,13,16,15,13,0,0,0,6,0,0,0,8,6]} 1. e4 c5 2. c3 Nf6 3. e5 Nd5 4. Nf3 d6 5. d4 cxd4 6. cxd4 dxe5 7. dxe5 Nc6 8. Bc4 Ndb4 9. O-O {aiming for Qe2. B22: Sicilian: 2 c3} (9. Qxd8+ Nxd8 10. Na3 Be6 11. O-O Bxc4 12. Nxc4 Rc8 13. b3 e6 14. Rd1 Ndc6 15. Bb2 Be7 16. Nd4 Nxd4 17. Bxd4 {½-½ (30) Lin,C (2508)-Vidit,S (2717) China 2019}) 9... Qxd1 10. Rxd1 Bg4 {Threatens to win with ...Bxf3.} 11. Nc3 $132 {[%mdl 2048] White is not keeping still} e6 (11... Bxf3 {looks sharper.} 12. gxf3 Nxe5 13. Bb3 a6 14. Nd5 Nxd5 15. Bxd5 Nc6) 12. Be2 $146 ({Predecessor:} 12. Bf4 Bxf3 13. gxf3 g5 14. Be3 Nxe5 15. Bb3 Rc8 16. Ne4 Be7 {1-0 (62) Levitan,R (1933)-Dylag,E (2095) Riga 2018}) 12... Nc2 13. Rb1 Bb4 14. Bf4 Bxf3 {The position is equal.} 15. Bxf3 N2d4 16. Bxc6+ Nxc6 17. Ne4 Be7 18. Be3 Rd8 19. f4 b6 20. Kf1 Nb4 21. Nc3 f6 22. exf6 Bxf6 23. Rxd8+ Kxd8 24. Rd1+ Ke7 25. Bd4 Rc8 26. Ke2 {Accuracy: White = 53%, Black = 68%.} 1/2-1/2

[Event "88th UKR-ch 2019"]
[Site "Lutsk"]
[Date "2019.12.18"]
[Round "8.1"]
[White "Volokitin, Andrei"]
[Black "Golubka, Petro"]
[Result "1-0"]
[WhiteElo "2641"]
[BlackElo "2479"]
[Annotator "TA"]
[PlyCount "71"]
[EventDate "2019.12.10"]
[EventType "tourn"]
[EventCountry "UKR"]
[SourceTitle "playchess.com"]
[Source "ChessBase"]
[SourceQuality "1"]

{[%evp 22,71,27,29,16,27,37,37,35,40,34,25,10,33,54,36,90,85,83,83,81,80,70,77,106,101,108,86,116,106,166,144,178,183,191,189,202,205,512,512,441,465,498,649,906,893,775,734,1210,944,12841,12839]} 1. e4 e5 2. Nf3 Nc6 3. Bb5 a6 4. Ba4 Nf6 5. O-O Be7 6. Re1 b5 7. Bb3 d6 8. c3 O-O 9. h3 Na5 10. Bc2 c5 11. d4 Nd7 12. a4 Bb7 {C96: Closed Ruy Lopez: Chigorin Defence: 11 d4, replies other than 11...Qc7} (12... b4 13. Nbd2 Rb8 14. Nf1 b3 15. Bd3 exd4 16. cxd4 c4 17. Be2 c3 18. Ng3 Nf6 19. Bd3 Nc6 20. d5 {0-1 (37) Quesada Perez,Y (2627)-Caruana,F (2811) chess.com INT 2018}) 13. d5 Qc7 14. b4 Nc4 {White is slightly better.} 15. Nfd2 Nxd2 16. Bxd2 {[#]} f5 $1 {[%mdl 512]} 17. exf5 bxa4 $146 ({Predecessor:} 17... Kh8 18. Be3 cxb4 19. cxb4 bxa4 20. Bxa4 {1-0 (41) Nguyen,T (2539)-Kozak,A (2440) Budapest 2018}) 18. bxc5 Qxc5 (18... Nxc5 $14 19. c4 Bc8) 19. Rxa4 Bxd5 {[#]} 20. c4 $1 {[%mdl 512] Strongly threatening Be3.} Bb7 ({Wrong is} 20... Bxc4 $2 21. Rxc4 $1 {[%mdl 512]} Qb6 22. Nc3 $18) 21. Nc3 Qc8 22. Be3 Bc6 23. Nd5 Bd8 24. Ra3 $36 {[%mdl 2048] White is in control.} Rb8 25. Be4 a5 {[#]} (25... Kh8 $16) 26. Rxa5 $1 $18 Nf6 {[#]} 27. Nxf6+ $1 Rxf6 28. Bd5+ Kh8 29. Ra7 Rxf5 $2 (29... Bxd5 30. Qxd5 Qxf5) 30. Qg4 {[%csl Ga7][%cal Rg4g7] White is clearly winning.} g6 31. Qe4 Bxd5 32. Qxd5 ({Less strong is} 32. cxd5 Rb7 $16) 32... Bb6 33. Bxb6 Rxb6 {[#]} 34. c5 $1 {[%mdl 512]} dxc5 (34... Qxc5 35. Qa8+) 35. g4 Rg5 36. f4 {Accuracy: White = 94%, Black = 29%.} 1-0